Manual de tratamientos faciales, manicure y maquillaje: una guía paso a paso (Registro nro. 7873)
[ vista simple ]
| 000 -Cabecera | |
|---|---|
| Campo de control de longitud fija | 00729nam a22002537a 4500 |
| 005 - Fecha y hora de la última transacción | |
| Campo de control | 20260312174401.0 |
| 008 - Elementos de longitud fija--Información general | |
| Campo de control de longitud fija | 160328b2001 xxu||||| |||| 00| 0 spa d |
| 041 ## - Idioma | |
| Código de idioma | Español |
| 082 ## - Clasificación Decimal Dewey | |
| Número de clasificación | 646.72 L644m |
| 100 ## - Entrada principal--Autor personal | |
| Nombre personal | Lesur, Luis |
| 9 (RLIN) | 3003 |
| 245 ## - Título propiamente dicho | |
| Título | Manual de tratamientos faciales, manicure y maquillaje: una guía paso a paso |
| 260 ## - Pie de imprenta | |
| Lugar de publicación, distribución, etc. | México |
| Nombre del editor, distribuidor, etc. | Trillas |
| Fecha de publicación, distribución, etc. | 2001 |
| 300 ## - Descripción física | |
| Extensión | 80 páginas |
| 650 ## - Materia general | |
| Temática (materia general) | CUIDADO DEL CABELLO, DE LA CARA, DE LA PIEL, DE LAS UÑAS |
| 650 ## - Materia general | |
| Temática (materia general) | ANÁLISIS DE LA PIEL |
| 650 ## - Materia general | |
| Temática (materia general) | ANÁLISIS DE PRODUCTOS |
| 650 ## - Materia general | |
| Temática (materia general) | TÉCNICAS FACIALES |
| 650 ## - Materia general | |
| Temática (materia general) | BELLEZA PERSONAL |
| 650 ## - Materia general | |
| Temática (materia general) | CARA |
| 650 ## - Materia general | |
| Temática (materia general) | MANICURE |
| 650 ## - Materia general | |
| Temática (materia general) | MAQUILLAJE |
| 650 ## - Materia general | |
| Temática (materia general) | TÉCNICAS FACIALES |
| 942 ## - Punto de acceso adicional KOHA | |
| Tipo de ítem KOHA | Libro |
| Fuente del sistema de clasificación o colocación | Dewey Decimal Classification |
| Signatura completa | Código de barras | Programa Académico | Tipo de ítem |
|---|---|---|---|
| 646.72 L644m | 20788 | Temática General | Libro |